Online Catalogue and eLibrary

Ilakkiya Saathanaiyaalarkal (Record no. 4243)

MARC details
000 -LEADER
fixed length control field 00439nam a2200169Ia 4500
005 - DATE AND TIME OF LATEST TRANSACTION
control field 20250227022252.0
008 - FIXED-LENGTH DATA ELEMENTS--GENERAL INFORMATION
fixed length control field 240331s9999 xx 000 0 und d
082 ## - DDC Classification
Item Number - Author Mark SUB
DDC Edition Number 1397
Class No. 920
100 ## - MAIN ENTRY--PERSONAL NAME
Personal name Subramaniam, K. N
245 #0 - TITLE STATEMENT
Title Ilakkiya Saathanaiyaalarkal
260 ## - PUBLICATION, DISTRIBUTION, ETC.
Place of publication, distribution, etc. Chennai
Name of publisher, distributor, etc. Manivaasakar Pathipakam
Date of publication, distribution, etc. 1988
300 ## - PHYSICAL DESCRIPTION
Extent (e.g. Volumes, Pages etc.) 208 p.,
650 ## - SUBJECT ADDED ENTRY--TOPICAL TERM
Topical term or geographic name entry element Literary Works
650 ## - SUBJECT ADDED ENTRY--TOPICAL TERM
Topical term or geographic name entry element Tamil Literature
650 ## - SUBJECT ADDED ENTRY--TOPICAL TERM
Topical term or geographic name entry element Literary Creators
942 ## - Koha item type (Biblio)
Koha item type Books in Stacks (Lending)
Holdings
Lost status Damaged status Collection code Home library Current library Shelving location Date acquired Full call number Accession Number Item type
    Lending WERC Library WERC Library Social Science Cupboard 03/31/2024 920 SUB 1397 Books in Stacks (Lending)

© WERC Library